| 000 | 01543nam a2200385 a 4500 | ||
|---|---|---|---|
| 001 | 000015123 | ||
| 003 | DO-SdBPM | ||
| 005 | 20260507082720.0 | ||
| 007 | ta | ||
| 008 | 100201s2002 dr f 001 0 spa d | ||
| 020 | _a9993487171 | ||
| 040 |
_aDO-SdBPM _bspa _cBPMSU _drda |
||
| 049 | _a | ||
| 082 | 0 | 4 |
_a371.334 _bB446v 2002 _222 |
| 100 | 1 |
_aBello Díaz, Rafael Emilio _eautor _4aut. |
|
| 245 | 1 | 0 |
_aVirtualización de la educación / _cRafael Emilio Bello Díaz ; prólogo José Andrés Aybar Sánchez. |
| 264 |
_aSanto Domingo : _bEdiciones Unicaribe, _c2002. |
||
| 300 |
_a225 páginas ; _c22 cm. |
||
| 336 |
_atexto _btxt _2rdacontent |
||
| 337 |
_asin mediación _bn _2rdamedia |
||
| 338 |
_avolumen _bnc _2rdacarrier |
||
| 500 | _aIncluye datos biográficos del autor en la contracubierta | ||
| 504 | _aBibliografía: páginas 213 -225 | ||
| 505 | 0 |
_aPrólogo / José Andrés Aybar Sánchez -- Virtualización y educación -- La evolución de la tecnología -- Comunicación y educación -- Educación en la sociedad de la información -- Educación virtual -- Educación a distancia -- Bibliografía. _g |
|
| 590 | _aInventariado, 2026/VM | ||
| 650 | 7 | _aEducación a distancia | |
| 650 | 7 | _aUniversidad a distancia | |
| 650 | 7 | _aInnovaciones educativas | |
| 650 | 7 |
_aEducación _xMétodos de experimentales |
|
| 650 | _aTecnología educativa | ||
| 650 | 4 | _aEDUCACIÓN POR INTERNET | |
| 700 | 1 |
_aAybar Sánchez, José Andrés, _eprólogo |
|
| 910 | _aVMateo V. Control de calidad BPMSU | ||
| 942 |
_2ddc _cBK |
||
| 999 |
_c15825 _d15825 |
||